00728nam a2200229Ia 450000500170000000800410001702000180005804000180007604100080009408200230010210000190012524500740014425000120021826000500023030000290028065000220030965000300033165000370036165000330039865000460043165000210047720230726124543.0210716s2015 xx 000 0 und d a9780198095927 cAIMIT LIBRARY aeng a658.8342 21bKUMD aKumar, Dinesh. aConsumer behaviour:bIncludes online buying trends /cBy Dinesh Kumar a1st ed. aNew Delhi :bOxford University Press.,c2015. axvi,706p. ;bPB:c23 cm. aConsumer Behavior aConsumer as an Individual aInfluences on Consumer Behaviour aModifying Consumer Behaviour aMeasuring and Analysis Consumer Behaviour aModern Consumer